Ч. 2; VIII Всесоюзная конференция по теплофизическим свойствам веществ (г. Новосибирск, 20-22 сент. 1988 г.)

Dades bibliogràfiques
Parent link:VIII Всесоюзная конференция по теплофизическим свойствам веществ (г. Новосибирск, 20-22 сент. 1988 г.): тезисы докладов/ Академия наук СССР (АН СССР), Сибирское отделение (СО), Институт теплофизики (ИТ) ; под ред. В. Е. Накорякова. Ч. 2.— , 1988-
Idioma:rus
Publicat: 1988
Matèries:
Format: MixedMaterials Llibre
KOHA link:https://koha.lib.tpu.ru/cgi-bin/koha/opac-detail.pl?biblionumber=265087

MARC

LEADER 00000nam2a2200000 4500
001 265087
005 20231101233905.0
020 |a RU  |b 88-68010 
035 |a (RuTPU)RU\TPU\book\288087 
090 |a 265087 
100 |a 20140624g1988 k a0rusy5003 ca 
101 0 |a rus 
102 |a RU 
105 |a a z 101zy 
200 0 |a Ч. 2 
210 |d 1988 
215 |e (ил.)  |a 237 с. 
461 1 |0 (RuTPU)RU\TPU\book\289111  |t VIII Всесоюзная конференция по теплофизическим свойствам веществ (г. Новосибирск, 20-22 сент. 1988 г.)  |o тезисы докладов  |f Академия наук СССР (АН СССР), Сибирское отделение (СО), Институт теплофизики (ИТ) ; под ред. В. Е. Накорякова  |v Ч. 2  |d 1988- 
606 1 |a Теплофизика  |2 stltpush  |3 (RuTPU)RU\TPU\subj\59814  |9 77311 
610 1 |a материалы 
610 1 |a теплофизические свойства 
610 1 |a конференции 
610 1 |a Новосибирск 
610 1 |a твердые тела 
610 1 |a кинетические свойства 
610 1 |a плавление 
610 1 |a оптические свойства 
610 1 |a сверхпроводники 
675 |a 536(063.2)  |z rus 
801 0 |a RU  |b RuMRKP  |c 19950417  |g psbo 
801 1 |a RU  |b 63413507  |c 20140624 
801 2 |a RU  |b 63413507  |c 20140702  |g RCR 
942 |c BK